Daňové úniky a možnosti ich eliminácie v oblasti nepriamych daní diplomová práca

Na minha lista:
Detalhes bibliográficos
Autor principal: Fornerová, Miroslava
Autor Corporativo: Národohospodárska fakulta EU. Katedra financií
Outros Autores: Válek, Juraj, 1981-
Formato: Livro
Idioma:eslovaco
Publicado em: Bratislava 2020
Tags: Adicionar Tag
Sem tags, seja o primeiro a adicionar uma tag!

MARC

LEADER 00000nbm a2200000 4500
001 0264397
005 20200928143155.7
041 0 |a slo 
044 |a SK 
245 1 0 |a Daňové úniky a možnosti ich eliminácie v oblasti nepriamych daní  |b diplomová práca  |c Miroslava Fornerová ; školiteľ: Juraj Válek 
264 1 |a Bratislava  |c 2020 
300 |a 87 s. 
100 1 |a Fornerová, Miroslava 
700 1 |a Válek, Juraj, 1981- 
710 2 |a Národohospodárska fakulta EU. Katedra financií